| 000 | 00796cam a22002773a 4500 | ||
|---|---|---|---|
| 001 | 2171 | ||
| 003 | PGUSA | ||
| 005 | 20140828083011.0 | ||
| 008 | 000501s2000||||xxu|||||s|||||000 1 eng d | ||
| 040 |
_aPGUSA _beng |
||
| 042 | _adc | ||
| 050 | 4 | _aPR | |
| 100 | 1 |
_aEliot, George, _d1819-1880 |
|
| 245 | 1 | 0 |
_aBrother Jacob _h[electronic resource] / _cGeorge Eliot |
| 260 |
_bProject Gutenberg, _c2000 |
||
| 506 | _aPublic domain in the USA. | ||
| 516 | _aElectronic text | ||
| 653 | _aEngland -- Fiction | ||
| 653 | _aImpostors and imposture -- Fiction | ||
| 653 | _aMen with mental disabilities -- Fiction | ||
| 653 | _aBrothers -- Fiction | ||
| 653 | _aConfectioners -- Fiction | ||
| 830 | 0 |
_aProject Gutenberg _v2171 |
|
| 856 | 4 | 0 | _uhttp://www.gutenberg.org/ebooks/2171 |
| 942 | _cEB | ||
| 999 |
_c231509 _d231509 |
||